|
|
|
|
| LEADER |
00819pam a22002298a 4500 |
| 001 |
00019443 |
| 005 |
20171026081022.0 |
| 008 |
110506s1985 ||||||Viesd |
| 041 |
0 |
# |
|a Vie
|
| 082 |
1 |
4 |
|a 895.922 3
|b T550M
|
| 100 |
0 |
# |
|a Nhiều tác giả
|
| 245 |
0 |
0 |
|a Từ mảnh đất cù lao
|b Tuyển tập thơ văn 1975 - 1985
|c Nhiều tác giả
|
| 260 |
# |
# |
|a An Giang
|b Văn nghệ Phú Tân
|c 1985
|
| 300 |
# |
# |
|a 255 tr.
|c 19 cm.
|
| 653 |
# |
# |
|a Truyện ngắn
|
| 653 |
# |
# |
|a Văn học
|
| 653 |
# |
# |
|a Tập thơ
|
| 852 |
# |
# |
|b Kho mượn
|j KM.0009427, KM.0011429, KM.0011430
|
| 852 |
# |
# |
|j KD.0004768
|j KM.0011430
|j KM.0009427
|j KM.0011429
|
| 852 |
# |
# |
|b Kho đọc
|j KD.0004768
|
| 910 |
|
|
|d 06/05/2011
|
| 980 |
# |
# |
|a Trung tâm Học liệu Lê Vũ Hùng, Trường Đại học Đồng Tháp
|